000 00918nam a22001817a 4500
003 AM-YeHGA
005 20250617153113.0
008 170616b xxu||||| |||| 00| 0 rus d
040 _aAM-YeHGA
041 0 _arus
245 0 0 _aАлгоритмы обработки и средства автоматизации теплофизического эксперимента :
_bСб. науч. статей /
_cАН СССР, Сиб. отд-ние, Ин-т теплофизики ; Под ред. С.С. Кутателадзе.
250 _aProcessing algorithms and devices of automation of thermophysical experiments
260 _aНовосибирск :
_bБ. и.
_c1978
300 _a118 с.
653 0 _aТеплотехнические измерения - Обработка результатов на вычислительных машинах - Сборники
942 _2udc
_cBK
090 _c386225
999 _c384258
_d384258